[Event "Zalakaros op 44th"]
[Site "Zalakaros"]
[Date "2025.05.26"]
[Round "3"]
[White "Forgacs, Jozsef"]
[Black "Annaberdiev, Meilis"]
[Result "0-1"]
[WhiteElo "2192"]
[BlackElo "2436"]
[PlyCount "74"]
[EventDate "2025.05.24"]
[EventType "swiss"]
[EventRounds "9"]
[EventCountry "HUN"]
[SourceTitle "CB23_2025"]
[SourceDate "2025.06.04"]
[SourceVersion "1"]
[SourceVersionDate "2025.06.04"]
[SourceQuality "1"]

1. d4 Nf6 2. c4 e6 3. Nf3 d5 4. Nc3 Nbd7 5. cxd5 exd5 6. Bg5 Bb4 7. a3 Bxc3+ 8. bxc3 c5 9. g3 Qa5 10. Bd2 Ne4 11. Bg2 Nb6 12. c4 Nxd2 13. Qxd2 Nxc4 14. Qxa5 Nxa5 15. dxc5 Nb3 16. Rd1 Be6 17. Nd4 Nxc5 18. Nb5 Ke7 19. Nc7 Rad8 20. Nxd5+ Bxd5 21. Rxd5 Rxd5 22. Bxd5 Rd8 23. Bf3 b6 24. 0-0 Rd2 25. Rc1 Ra2 26. Rc3 Kd6 27. Kf1 Ra1+ 28. Kg2 a5 29. e4 Ra2 30. Re3 Ke5 31. Be2 Rb2 32. f4+ Kd4 33. Kf3 a4 34. Bd1 Rb3 35. Bxb3 axb3 36. Re1 b2 37. e5 Kc3 0-1

[Event "HUN-chT2 Barcza 2324"]
[Site "Hungary"]
[Date "2024.05.12"]
[Round "9.1"]
[White "Kiss, Mate Jozsef"]
[Black "Forgacs, Jozsef"]
[Result "1-0"]
[WhiteElo "2153"]
[BlackElo "2226"]
[PlyCount "65"]
[EventDate "2023.10.08"]
[EventType "team-tourn"]
[EventRounds "9"]
[EventCountry "HUN"]
[SourceTitle "EXT 2025"]
[Source "ChessBase"]
[SourceDate "2024.10.14"]
[SourceVersion "1"]
[SourceVersionDate "2024.10.14"]
[SourceQuality "1"]
[WhiteTeam "Nyiregyhaza SISE"]
[BlackTeam "Karsol DSBK"]
[WhiteTeamCountry "HUN"]
[BlackTeamCountry "HUN"]

1. e4 g6 2. d4 Bg7 3. Nc3 d6 4. f4 a6 5. Nf3 b5 6. a4 b4 7. Nd5 Bb7 8. Bd3 Bxd5 9. exd5 Nf6 10. 0-0 Nxd5 11. f5 Nf6 12. Qe2 c5 13. dxc5 dxc5 14. Ne5 0-0 15. fxg6 hxg6 16. Nxg6 fxg6 17. Qe6+ Kh8 18. Rf3 Qd6 19. Rh3+ Nh5 20. Qe4 Kg8 21. Qxa8 Nc6 22. Qxa6 Bd4+ 23. Kh1 Kg7 24. Be3 Rf6 25. Rd1 Qe5 26. Re1 Nd8 27. Qc8 Qd6 28. Qg4 Nf7 29. Bxd4 Qxd4 30. Qxd4 cxd4 31. Rxe7 Kf8 32. Re1 Ng5 33. Rh4 1-0

[Event "HUN-chT2 Barcza 2324"]
[Site "Hungary"]
[Date "2024.03.10"]
[Round "6.1"]
[White "Forgacs, Jozsef"]
[Black "Becskei, Zoltan"]
[Result "1/2-1/2"]
[WhiteElo "2220"]
[BlackElo "2244"]
[PlyCount "46"]
[EventDate "2023.10.08"]
[EventType "team-tourn"]
[EventRounds "9"]
[EventCountry "HUN"]
[SourceTitle "EXT 2025"]
[Source "ChessBase"]
[SourceDate "2024.10.14"]
[SourceVersion "1"]
[SourceVersionDate "2024.10.14"]
[SourceQuality "1"]
[WhiteTeam "Karsol DSBK"]
[BlackTeam "Mezokovesd"]
[WhiteTeamCountry "HUN"]
[BlackTeamCountry "HUN"]

1. Nf3 d5 2. c4 c6 3. d4 Nf6 4. Nbd2 Bf5 5. g3 e6 6. Bg2 h6 7. 0-0 Be7 8. b3 0-0 9. Bb2 Nbd7 10. Ne1 a5 11. a3 Bd6 12. e3 Qe7 13. c5 Bc7 14. f4 b6 15. b4 axb4 16. axb4 bxc5 17. bxc5 Rxa1 18. Qxa1 Rb8 19. h3 Qd8 20. Bc3 Ra8 21. Qb2 Qb8 22. Qxb8+ Bxb8 23. Nef3 Ne4 1/2-1/2

[Event "HUN-chT2 Barcza 2324"]
[Site "Hungary"]
[Date "2023.10.29"]
[Round "2.1"]
[White "Rakaczki, Csaba"]
[Black "Forgacs, Jozsef"]
[Result "0-1"]
[WhiteElo "2103"]
[BlackElo "2218"]
[PlyCount "84"]
[EventDate "2023.10.08"]
[EventType "team-tourn"]
[EventRounds "9"]
[EventCountry "HUN"]
[SourceTitle "EXT 2025"]
[Source "ChessBase"]
[SourceDate "2024.10.14"]
[SourceVersion "1"]
[SourceVersionDate "2024.10.14"]
[SourceQuality "1"]
[WhiteTeam "Lillafured DVTK II"]
[BlackTeam "Karsol DSBK"]
[WhiteTeamCountry "HUN"]
[BlackTeamCountry "HUN"]

1. e4 g6 2. d4 Bg7 3. Be2 d6 4. h4 h5 5. Nf3 Nd7 6. Ng5 e5 7. d5 Ngf6 8. f3 Qe7 9. c4 c6 10. Nc3 a6 11. Be3 0-0 12. Qd2 cxd5 13. cxd5 b5 14. b4 Bb7 15. Rc1 Rfc8 16. 0-0 Qd8 17. a4 bxa4 18. Nxa4 Rxc1 19. Rxc1 Rc8 20. Bd3 Rxc1+ 21. Qxc1 Bf8 22. Qf1 Qc8 23. g4 Be7 24. Qg2 Nf8 25. gxh5 Nxh5 26. Kh2 Nh7 27. Nb6 Qd8 28. Nc4 Nxg5 29. Bxg5 Bxg5 30. Qxg5 Qc7 31. Bf1 Bc8 32. Ne3 Nf4 33. Nf5 Qc2+ 34. Kg1 Qc1 35. Qf6 Bxf5 36. exf5 Qe3+ 37. Kh1 Qxf3+ 38. Kg1 Qg3+ 39. Kh1 Qf3+ 40. Kg1 Qe3+ 41. Kh1 Qe1 42. Kg1 Ne2+ 0-1

[Event "HUN-chT2 Barcza 2324"]
[Site "Hungary"]
[Date "2023.10.08"]
[Round "1.1"]
[White "Forgacs, Jozsef"]
[Black "Gal, Jozsef Istvan"]
[Result "1/2-1/2"]
[WhiteElo "2218"]
[BlackElo "2260"]
[PlyCount "37"]
[EventDate "2023.10.08"]
[EventType "team-tourn"]
[EventRounds "9"]
[EventCountry "HUN"]
[SourceTitle "EXT 2025"]
[Source "ChessBase"]
[SourceDate "2024.10.14"]
[SourceVersion "1"]
[SourceVersionDate "2024.10.14"]
[SourceQuality "1"]
[WhiteTeam "Karsol DSBK"]
[BlackTeam "Hajduboszormeny"]
[WhiteTeamCountry "HUN"]
[BlackTeamCountry "HUN"]

1. c4 c5 2. Nf3 Nf6 3. g3 b6 4. Bg2 Bb7 5. 0-0 g6 6. b3 Bg7 7. Bb2 0-0 8. Nc3 d5 9. Nxd5 Nxd5 10. Bxg7 Kxg7 11. cxd5 Qxd5 12. d4 cxd4 13. Qxd4+ Qxd4 14. Nxd4 Bxg2 15. Kxg2 a6 16. Rfd1 Ra7 17. Nf3 Rc7 18. Rac1 Rfc8 19. Rxc7 1/2-1/2

[Event "HUN-chT2 Barcza 2223"]
[Site "Hungary"]
[Date "2023.04.23"]
[Round "7.1"]
[White "Forgacs, Jozsef"]
[Black "Manik, Mikulas"]
[Result "0-1"]
[WhiteElo "2187"]
[BlackElo "2361"]
[PlyCount "40"]
[EventDate "2022.11.20"]
[EventType "team-tourn"]
[EventRounds "7"]
[EventCountry "HUN"]
[SourceTitle "EXT 2025"]
[Source "ChessBase"]
[SourceDate "2024.10.14"]
[SourceVersion "1"]
[SourceVersionDate "2024.10.14"]
[SourceQuality "1"]
[WhiteTeam "Karsol DSBK"]
[BlackTeam "Szirmabesenyo"]
[WhiteTeamCountry "HUN"]
[BlackTeamCountry "HUN"]

1. Nf3 Nf6 2. g3 g6 3. b3 d5 4. c4 d4 5. Bb2 c5 6. b4 Bg7 7. Bg2 0-0 8. 0-0 d3 9. bxc5 Nc6 10. Ne5 Nxe5 11. Bxe5 Bg4 12. Nc3 Rc8 13. f3 Be6 14. f4 Rxc5 15. exd3 Qxd3 16. Na4 Rxe5 17. fxe5 Qd4+ 18. Kh1 Ng4 19. Qe1 Bxe5 20. Rc1 Nxh2 0-1

[Event "HUN-chT2 Barcza 2223"]
[Site "Hungary"]
[Date "2023.02.19"]
[Round "4.1"]
[White "Kerek, Krisztian"]
[Black "Forgacs, Jozsef"]
[Result "1/2-1/2"]
[WhiteElo "2251"]
[BlackElo "2187"]
[PlyCount "83"]
[EventDate "2022.11.20"]
[EventType "team-tourn"]
[EventRounds "7"]
[EventCountry "HUN"]
[SourceTitle "EXT 2025"]
[Source "ChessBase"]
[SourceDate "2024.10.14"]
[SourceVersion "1"]
[SourceVersionDate "2024.10.14"]
[SourceQuality "1"]
[WhiteTeam "Mezokovesd"]
[BlackTeam "Karsol DSBK"]
[WhiteTeamCountry "HUN"]
[BlackTeamCountry "HUN"]

1. e4 e6 2. d4 d5 3. Nc3 Bb4 4. e5 c5 5. a3 Bxc3+ 6. bxc3 Qc7 7. h4 b6 8. Bb5+ Bd7 9. Bd3 c4 10. Be2 Ba4 11. h5 h6 12. Nf3 Nc6 13. g3 0-0-0 14. Bf4 Kb7 15. Kf1 g5 16. hxg6 fxg6 17. Kg2 Qg7 18. Nh2 g5 19. Be3 Nce7 20. Bh5 Nf5 21. Ng4 Rf8 22. Qe2 Qh7 23. f3 Ng7 24. Rac1 Qf5 25. Rh2 Nxh5 26. Rxh5 Be8 27. Rh2 h5 28. Nf2 Ne7 29. Nh3 Rhg8 30. Rf1 g4 31. Nf4 gxf3+ 32. Rxf3 Qg4 33. Rh3 Bg6 34. Rf2 Nf5 35. Kh2 Nxe3 36. Qxe3 Bf5 37. Rh4 Qg5 38. Ng2 Qg6 39. Rhf4 Qg7 40. R2f3 Bg4 41. Rxf8 Rxf8 42. Rf4 1/2-1/2

[Event "HUN-chT2 Barcza 2223"]
[Site "Hungary"]
[Date "2022.12.04"]
[Round "2.1"]
[White "Forgacs, Jozsef"]
[Black "Donka, Peter"]
[Result "1/2-1/2"]
[WhiteElo "2187"]
[BlackElo "1980"]
[PlyCount "35"]
[EventDate "2022.11.20"]
[EventType "team-tourn"]
[EventRounds "7"]
[EventCountry "HUN"]
[SourceTitle "EXT 2025"]
[Source "ChessBase"]
[SourceDate "2024.10.14"]
[SourceVersion "1"]
[SourceVersionDate "2024.10.14"]
[SourceQuality "1"]
[WhiteTeam "Karsol DSBK"]
[BlackTeam "Debrecen Sakkbaratok"]
[WhiteTeamCountry "HUN"]
[BlackTeamCountry "HUN"]

1. d4 g6 2. Nf3 Bg7 3. c4 d6 4. Nc3 Bg4 5. e3 Nd7 6. h3 Bxf3 7. Qxf3 c5 8. d5 Bxc3+ 9. bxc3 Qa5 10. Bd2 Ngf6 11. e4 Qa4 12. Qe2 0-0 13. f3 Rfe8 14. Qd1 Qxd1+ 15. Kxd1 Nh5 16. Bd3 Ne5 17. Kc2 Nf6 18. a4 1/2-1/2

[Event "Balaton op 36th"]
[Site "Balatonlelle"]
[Date "2018.06.19"]
[Round "8"]
[White "Forgacs, Jozsef"]
[Black "Haszon, David"]
[Result "1-0"]
[WhiteElo "2199"]
[BlackElo "2246"]
[PlyCount "93"]
[EventDate "2018.06.12"]
[EventType "swiss"]
[EventRounds "9"]
[EventCountry "HUN"]
[SourceTitle "CBM 185 Extra"]
[Source "ChessBase"]
[SourceDate "2018.07.29"]
[SourceVersion "1"]
[SourceVersionDate "2018.07.29"]
[SourceQuality "1"]

1. c4 Nf6 2. d4 g6 3. Nf3 Bg7 4. Nc3 d5 5. cxd5 Nxd5 6. e4 Nxc3 7. bxc3 0-0 8. Be2 c5 9. 0-0 b6 10. Be3 Bb7 11. Qd3 Qc7 12. Rac1 e6 13. d5 exd5 14. exd5 Nd7 15. c4 Nf6 16. Qd2 Ne4 17. Qc2 Rae8 18. Bd3 Nd6 19. Bf4 Qd7 20. Rfe1 b5 21. cxb5 c4 22. Bxc4 Nxc4 23. Qxc4 Bxd5 24. Qd3 Qb7 25. a4 Be4 26. Qa3 Rc8 27. h3 Qd5 28. Rxc8 Rxc8 29. Qe3 f5 30. Ng5 Re8 31. Nxe4 Rxe4 32. Qc1 h6 33. Rxe4 Qxe4 34. a5 Qb4 35. Qc8+ Kh7 36. Qc7 g5 37. Be3 Kg6 38. Qc6+ Kh7 39. Qe6 Qxb5 40. a6 g4 41. hxg4 fxg4 42. Qe4+ Kg8 43. Qa8+ Bf8 44. Bxh6 Qb1+ 45. Kh2 g3+ 46. fxg3 Qh7 47. Qxf8# 1-0

[Event "HUN-chT2 Barcza 1617"]
[Site "Hungary"]
[Date "2017.01.29"]
[Round "7.3"]
[White "Burinda, Gabor Jr"]
[Black "Forgacs, Jozsef"]
[Result "0-1"]
[WhiteElo "1974"]
[BlackElo "2204"]
[PlyCount "78"]
[EventDate "2016.09.25"]
[EventType "team-tourn"]
[EventRounds "11"]
[EventCountry "HUN"]
[SourceTitle "EXT 2021"]
[Source "ChessBase"]
[SourceDate "2020.10.23"]
[SourceVersion "1"]
[SourceVersionDate "2020.10.23"]
[SourceQuality "1"]
[WhiteTeam "Kazincbarcika"]
[BlackTeam "Bajnok Sakkiskola"]
[WhiteTeamCountry "HUN"]
[BlackTeamCountry "HUN"]

1. Nf3 f5 2. b3 Nf6 3. Bb2 e6 4. d3 b6 5. g3 Bb7 6. Bg2 Bc5 7. 0-0 0-0 8. Nbd2 d5 9. Ne5 Nbd7 10. Ndf3 Qe7 11. d4 Bd6 12. a4 a5 13. Nxd7 Nxd7 14. Ne5 Nf6 15. Rc1 c5 16. c4 Rac8 17. cxd5 exd5 18. f4 Ne4 19. e3 Bxe5 20. dxe5 Qe6 21. Bxe4 dxe4 22. Rb1 Ba6 23. Rf2 Bd3 24. Rc1 Rfd8 25. Rd2 g6 26. Kf2 Kf7 27. Rc3 Rc7 28. h4 Rcd7 29. Ke1 h6 30. Bc1 Kg8 31. Bb2 Rg7 32. Rh2 Rd5 33. Ba1 Rgd7 34. Rd2 Qe8 35. Bb2 g5 36. hxg5 hxg5 37. Rh2 Ba6 38. Qh5 Qxh5 39. Rxh5 Rd1+ 0-1

[Event "Balaton op 34th"]
[Site "Balatonboglar"]
[Date "2016.06.22"]
[Round "9"]
[White "Strebkovs, Andrejs"]
[Black "Forgacs, Jozsef"]
[Result "0-1"]
[WhiteElo "2314"]
[BlackElo "2196"]
[PlyCount "76"]
[EventDate "2016.06.14"]
[EventType "swiss"]
[EventRounds "9"]
[EventCountry "HUN"]
[SourceTitle "CBM 173 Extra"]
[Source "ChessBase"]
[SourceDate "2016.08.29"]
[SourceVersion "1"]
[SourceVersionDate "2016.08.29"]
[SourceQuality "1"]

1. d4 f5 2. g3 Nf6 3. Bg2 e6 4. c4 d5 5. Nh3 c6 6. 0-0 Bd6 7. Qc2 0-0 8. Nf4 Qe7 9. Nd2 b6 10. Nf3 Bb7 11. b3 Nbd7 12. Bb2 Rac8 13. Ne5 a5 14. Rac1 Nb8 15. Qd3 Ba6 16. f3 Nbd7 17. Qb1 Nxe5 18. dxe5 Bc5+ 19. Kh1 Nd7 20. e4 Be3 21. Rce1 Bxf4 22. gxf4 dxc4 23. Rg1 fxe4 24. fxe4 Rxf4 25. bxc4 Rcf8 26. Qc2 Nc5 27. Ba3 Qh4 28. Re3 Rf2 29. Qb1 Bxc4 30. Rh3 Qd8 31. Rd1 Rd2 32. Rg1 Nd3 33. Rxd3 Bxd3 34. Qb3 Rxg2 35. Qxe6+ Kh8 36. Kxg2 Bxe4+ 37. Kg3 Qg5+ 38. Qg4 Rf3+ 0-1

[Event "Balaton op 34th"]
[Site "Balatonboglar"]
[Date "2016.06.16"]
[Round "3"]
[White "Boguszlavszkij, Jevgenyij"]
[Black "Forgacs, Jozsef"]
[Result "1-0"]
[WhiteElo "2212"]
[BlackElo "2196"]
[PlyCount "51"]
[EventDate "2016.06.14"]
[EventType "swiss"]
[EventRounds "9"]
[EventCountry "HUN"]
[SourceTitle "CBM 173 Extra"]
[Source "ChessBase"]
[SourceDate "2016.08.29"]
[SourceVersion "1"]
[SourceVersionDate "2016.08.29"]
[SourceQuality "1"]

1. e4 e5 2. Nf3 Nf6 3. Nc3 Bb4 4. a3 Bxc3 5. dxc3 d6 6. Bd3 Nbd7 7. Be3 Qe7 8. b4 h6 9. c4 Nf8 10. h3 Ng6 11. Nd2 Nf4 12. Bf1 h5 13. g3 Ne6 14. Bg2 h4 15. Nb3 Nh5 16. Bf3 g6 17. Bxh5 gxh5 18. Qd2 Rg8 19. gxh4 Qxh4 20. 0-0-0 Qxe4 21. c5 Bd7 22. cxd6 cxd6 23. Qxd6 Ba4 24. Rhg1 Rf8 25. Rge1 Rd8 26. Qxf8+ 1-0

[Event "HUN-chT2 Barcza 1516"]
[Site "Hungary"]
[Date "2016.03.20"]
[Round "9.1"]
[White "Forgacs, Jozsef"]
[Black "Estrada Nieto, Julian"]
[Result "0-1"]
[WhiteElo "2198"]
[BlackElo "2283"]
[PlyCount "122"]
[EventDate "2015.09.13"]
[EventType "team-tourn"]
[EventRounds "11"]
[EventCountry "HUN"]
[SourceTitle "EXT 2017"]
[Source "ChessBase"]
[SourceDate "2016.10.25"]
[SourceVersion "1"]
[SourceVersionDate "2016.10.25"]
[SourceQuality "1"]
[WhiteTeam "Hajduszoboszlo"]
[BlackTeam "Hajduboszormeny"]
[WhiteTeamCountry "HUN"]
[BlackTeamCountry "HUN"]

1. d4 d5 2. c4 dxc4 3. Nf3 Nf6 4. e3 e6 5. Bxc4 c5 6. 0-0 a6 7. dxc5 Bxc5 8. Qxd8+ Kxd8 9. a3 b5 10. Be2 Bb7 11. b4 Bd6 12. Bb2 Nbd7 13. Nbd2 Ke7 14. a4 bxa4 15. Rxa4 Nb6 16. Ra5 Bxb4 17. Ba3 Bxa3 18. Rxa3 Nbd7 19. Rfa1 Nc5 20. Nb3 Nfd7 21. Nfd2 Rhc8 22. f3 f5 23. Nxc5 Nxc5 24. Nb3 Nxb3 25. Rxb3 Rc7 26. Ra5 g5 27. h3 Rd8 28. Rb2 Rd6 29. e4 fxe4 30. Rxg5 Kf6 31. f4 Rd5 32. Rg8 Rd6 33. Rf8+ Kg7 34. Rb8 Bd5 35. R8b4 Kf6 36. Ra4 Bb7 37. Ra5 Rd5 38. Ra4 Rf5 39. g3 Rg7 40. Bg4 Rb5 41. Rab4 Bc6 42. Kf2 Rgb7 43. Rxb5 axb5 44. Ke3 Ke7 45. Bd1 Ra7 46. Bc2 Ra3+ 47. Kd4 Kd6 48. Bb1 Rxg3 49. Bxe4 Rxh3 50. Bd3 Rh5 51. Rb1 Rd5+ 52. Ke3 h5 53. Rb2 h4 54. Be4 Rc5 55. Rd2+ Kc7 56. Bg6 h3 57. Bf7 Bg2 58. Kf2 Rf5 59. Bxe6 Rxf4+ 60. Kg3 Rf3+ 61. Kh2 Re3 0-1

[Event "HUN-chT2 Barcza 1516"]
[Site "Hungary"]
[Date "2015.11.08"]
[Round "4.1"]
[White "Hando, Vilmos"]
[Black "Forgacs, Jozsef"]
[Result "1-0"]
[WhiteElo "2298"]
[BlackElo "2185"]
[PlyCount "85"]
[EventDate "2015.09.13"]
[EventType "team-tourn"]
[EventRounds "11"]
[EventCountry "HUN"]
[SourceTitle "CBM 170 Extra"]
[Source "ChessBase"]
[SourceDate "2016.02.25"]
[SourceVersion "1"]
[SourceVersionDate "2016.02.25"]
[SourceQuality "1"]
[WhiteTeam "Kazincbarcika"]
[BlackTeam "Hajduszoboszlo"]
[WhiteTeamCountry "HUN"]
[BlackTeamCountry "HUN"]

1. d4 e6 2. c4 f5 3. g3 Nf6 4. Bg2 d5 5. Nh3 c6 6. 0-0 Bd6 7. Bf4 Be7 8. Nd2 0-0 9. Qc2 h6 10. Bxb8 Rxb8 11. Nf4 Bd6 12. Nd3 b6 13. b4 Qe7 14. c5 bxc5 15. bxc5 Bc7 16. Qa4 Bd7 17. Qxa7 Rfc8 18. Qa4 Ra8 19. Qc2 Ra3 20. Rfb1 Rca8 21. Rb3 R3a4 22. e3 Bc8 23. Nf3 g5 24. Nfe5 Qe8 25. Bf1 g4 26. h3 gxh3 27. Bxh3 h5 28. f3 Ba6 29. Qg2 Bxd3 30. Nxd3 Ra3 31. Nc1 Qg6 32. Rab1 Ng4 33. Bxg4 fxg4 34. f4 R3a4 35. R1b2 R8a7 36. Qc2 Qf7 37. Rb7 h4 38. gxh4 g3 39. Nd3 Qh5 40. Ne1 Ba5 41. Nf3 Bd8 42. Kg2 Bxh4 43. Nxh4 1-0

[Event "HUN-chT2 Barcza 1415"]
[Site "Hungary"]
[Date "2014.11.30"]
[Round "5"]
[White "Kiss, Pal"]
[Black "Forgacs, Jozsef"]
[Result "1/2-1/2"]
[WhiteElo "2319"]
[BlackElo "2234"]
[PlyCount "97"]
[EventDate "2014.09.07"]
[EventType "team-tourn"]
[EventRounds "11"]
[EventCountry "HUN"]
[SourceTitle "EXT 2016"]
[Source "ChessBase"]
[SourceDate "2015.10.08"]
[SourceVersion "1"]
[SourceVersionDate "2015.10.08"]
[SourceQuality "1"]
[WhiteTeam "Sajobabony"]
[BlackTeam "Hajduszoboszlo"]
[WhiteTeamCountry "HUN"]
[BlackTeamCountry "HUN"]

1. d4 e6 2. Nf3 f5 3. g3 Nf6 4. Bg2 d5 5. 0-0 Bd6 6. c4 c6 7. Nbd2 0-0 8. Qc2 b6 9. Ne5 Bb7 10. cxd5 cxd5 11. Ndf3 a5 12. Bf4 Ne4 13. Nd3 Na6 14. a3 Bxf4 15. Nxf4 Qd6 16. Rfc1 Rfc8 17. Qb3 Rxc1+ 18. Rxc1 Rc8 19. Rxc8+ Bxc8 20. Ne5 Nf6 21. e3 Nc7 22. Bf1 Ba6 23. Bxa6 Nxa6 24. Qc2 Nc7 25. h4 Nd7 26. Nfd3 Nxe5 27. Nxe5 g6 28. f3 Kg7 29. g4 b5 30. g5 a4 31. h5 gxh5 32. Qh2 Qe7 33. Qxh5 Kg8 34. Kf2 Qf8 35. Nd7 Qg7 36. Nf6+ Kh8 37. Kg3 Qg6 38. Qh6 Qf7 39. Nd7 Kg8 40. Nf6+ Kh8 41. Qh5 Qxh5 42. Nxh5 Ne8 43. Nf4 Ng7 44. Ne2 Ne8 45. Nc3 Nd6 46. Kf4 Nc4 47. Nxb5 Kg7 48. Nc3 Nxb2 49. e4 1/2-1/2

[Event "HUN-chT2 Barcza 1415"]
[Site "Hungary"]
[Date "2014.09.07"]
[Round "?"]
[White "Korpa, Bence"]
[Black "Forgacs, Jozsef"]
[Result "1-0"]
[WhiteElo "2417"]
[BlackElo "2234"]
[PlyCount "107"]
[EventDate "2014.09.07"]
[EventType "team-tourn"]
[EventRounds "11"]
[EventCountry "HUN"]
[SourceTitle "EXT 2016"]
[Source "ChessBase"]
[SourceDate "2015.10.08"]
[SourceVersion "1"]
[SourceVersionDate "2015.10.08"]
[SourceQuality "1"]
[WhiteTeam "Miskolc Sakkiskola"]
[BlackTeam "Hajduszoboszlo"]
[WhiteTeamCountry "HUN"]
[BlackTeamCountry "HUN"]

1. d4 e6 2. Nf3 f5 3. c4 Nf6 4. g3 d5 5. Bg2 c6 6. 0-0 Bd6 7. Nc3 0-0 8. Qc2 Ne4 9. Rb1 Qe7 10. b4 Bd7 11. c5 Bc7 12. Bf4 Bxf4 13. gxf4 b6 14. Ne5 Rc8 15. Nxe4 fxe4 16. f3 exf3 17. Rxf3 Be8 18. Rh3 h6 19. Rg3 Nd7 20. Nxd7 Bxd7 21. e3 bxc5 22. bxc5 Rcb8 23. Rb3 a5 24. Bf3 Be8 25. Bd1 a4 26. Rb1 Qd8 27. Rg2 Qh4 28. Bg4 Qf6 29. Rb6 Bg6 30. Qb2 Rc8 31. Bf3 Bd3 32. a3 Kh8 33. Qd2 Qf5 34. Rb7 Rg8 35. Qe1 Rab8 36. Rb6 Bb5 37. h4 Rbf8 38. Be2 Qe4 39. Bxb5 cxb5 40. Qg3 e5 41. fxe5 b4 42. axb4 a3 43. Ra6 a2 44. Kh2 a1Q 45. Rxa1 Rf3 46. Qg4 Qxe3 47. Ra8 g5 48. Ra6 Kh7 49. hxg5 Rxg5 50. Qd7+ Kg8 51. Rg6+ Kf8 52. Qg7+ Ke8 53. Re6+ Kd8 54. Qe7+ 1-0

[Event "HUN-chT2 Barcza 1314"]
[Site "Hungary"]
[Date "2014.04.27"]
[Round "11"]
[White "Varga, Peter"]
[Black "Forgacs, Jozsef"]
[Result "1-0"]
[WhiteElo "2411"]
[BlackElo "2259"]
[PlyCount "89"]
[EventDate "2013.09.08"]
[EventType "team-tourn"]
[EventRounds "11"]
[EventCountry "HUN"]
[SourceTitle "EXT 2016"]
[Source "ChessBase"]
[SourceDate "2015.10.08"]
[SourceVersion "1"]
[SourceVersionDate "2015.10.08"]
[SourceQuality "1"]
[WhiteTeam "Nadudvar"]
[BlackTeam "Hajduszoboszlo"]
[WhiteTeamCountry "HUN"]
[BlackTeamCountry "HUN"]

1. d4 e6 2. g3 f5 3. Bg2 Nf6 4. c4 d5 5. Nh3 c6 6. Qc2 Bd6 7. 0-0 0-0 8. b3 b5 9. cxb5 cxb5 10. Bf4 Qe7 11. Rc1 Bd7 12. Bxd6 Qxd6 13. Nd2 Nc6 14. Nf3 Ne4 15. Qb2 b4 16. Nf4 Rfc8 17. Nd3 a5 18. a3 Be8 19. e3 Bh5 20. Nfe1 bxa3 21. Rxa3 Be2 22. Nc5 Bb5 23. f3 Nxc5 24. Rxc5 Rab8 25. Qc3 a4 26. bxa4 Bc4 27. Bf1 Rb4 28. Qxb4 Nxb4 29. Rxc8+ Kf7 30. Bxc4 dxc4 31. Rxc4 Nd5 32. Rb3 Qa6 33. Rb5 Nxe3 34. Rc3 Nd5 35. Rc4 Ne3 36. Rc3 Nd5 37. Ra3 Qd6 38. Nc2 f4 39. a5 fxg3 40. Rb7+ Kg6 41. f4 gxh2+ 42. Kxh2 Nxf4 43. Rg3+ Kh6 44. Ne3 Nh5 45. Nf5+ 1-0